[Event "Itzehoe op 3rd"]
[Site "Itzehoe"]
[Date "2024.05.10"]
[Round "3"]
[White "Hieke, Andrea"]
[Black "Morou, Halid"]
[Result "0-1"]
[WhiteElo "1523"]
[BlackElo "1752"]
[PlyCount "64"]
[EventDate "2024.05.09"]
[EventType "swiss"]
[EventRounds "7"]
[EventCountry "GER"]
[SourceTitle "CBM 220 Extra"]
[Source "ChessBase"]
[SourceDate "2024.07.31"]
[SourceVersion "1"]
[SourceVersionDate "2024.07.31"]
[SourceQuality "1"]

1. e4 e6 2. d4 d5 3. exd5 exd5 4. Nf3 Nf6 5. Bb5+ c6 6. Qe2+ Be7 7. Ba4 0-0 8. 0-0 Re8 9. c3 Bf5 10. Re1 Nbd7 11. Bg5 h6 12. Bh4 Qb6 13. Nbd2 Qxb2 14. c4 Bb4 15. Qd1 Rxe1+ 16. Nxe1 Qxd2 17. Qf3 Qc3 18. Qd1 Qxc4 19. Bb3 Qa6 20. h3 Bxe1 21. Qxe1 Re8 22. Qd2 Qe2 23. Qf4 Qe4 24. Qg3 Nh5 25. Qc7 Qxh4 26. Qxb7 Qxd4 27. Qxc6 Qxa1+ 28. Kh2 Qe5+ 29. Kg1 Nf4 30. Bd1 Qe1+ 31. Kh2 Qxd1 32. g4 Qf3 0-1